[Event "2016 NC Open"]
[Site "North Carolina"]
[Date "2016.08.28"]
[Round "4.2"]
[White "Cunningham, Robin"]
[Black "Oussedik, Elias"]
[Result "1-0"]
[WhiteElo "2286"]
[BlackElo "2234"]
[Annotator "Elias Oussedik"]
[PlyCount "83"]
[EventDate "8.??.??"]
[EventCountry "USA"]
[SourceTitle "Chess Canada"]
[Source "CFC"]
[SourceDate "2017.10.01"]
[SourceVersion "1"]
[SourceVersionDate "2018.04.02"]
[SourceQuality "1"]

{[%mdl 32768]} {This game was played in Greensboro, North Carolina. The
tournament was held in conjunction with the US Masters, a strong norm
tournament. This year, there were two Canadians playing, Raja Panjwani and
myself. Raja was playing in the US Masters (2200+ FIDE only) and I was playing
in the NC Open. Even though I was invited to play in the US Masters, the time
commitment only allowed me to partake in the NC Open. Being a five round
tournament, there are no opportunities for hickups. I was seeded #3 for this
tournament. #1 was IM Irine Sukandar from Indonesia and #2 was FM Robin
Cunningham, a statistics professor at UNC Chapel Hill. In the fourth round
Robin was on 2.5/3 and so was I. IM Sukandar was leading the tournament with 3/
3. We were both playing for the win.} 1. e4 {Robin is known as a positional e4
player. He reminds me of Michael Adams.} e6 2. Nf3 {This move caught me by
surprise. I was expecting my opponent to follow Adam's repertoire a la Nd2.} (
2. d4 d5 3. Nd2 $14 {the Tarrasch is a solid positional approach vs the French.
I've noticed many of England's top Grandmasters prefer this setup as White.})
2... d5 3. Nc3 {[#] Sidelines! I am not too familiar with this opening and
hadn't looked at it recently. For a slight second, I thought I was playing FM
Hans Jung as he tends to play these kind of openings albeit with 1.Nc3.} Nf6 {
Timid! I should be challenging White and be playing the critical 3...d4.
However, I wasn't too familiar with the ensuing positions so decided to play
it safe.} (3... d4 4. Ne2 c5 5. c3 Nf6 $1 {This is a critical move that Berg
in his Grandmaster Repertoire series advocates. Black sacks the d4 pawn for
great compensation.} 6. cxd4 cxd4 7. Nexd4 Nxe4 8. Nxe6 {the point!} Bxe6 9.
Qa4+ Nc6 10. Qxe4 Qd5 $1 {Berg's suggestion.}) 4. e5 Nfd7 5. d4 c5 6. dxc5 Nc6
7. Bf4 Bxc5 8. Bd3 {[#] We have now transposed to a sideline of the 3.Nc3
French. This position can be very tricky to play for Black. Ian Nepomniachtchi
is a practicioner of this line.} a6 {This is a sideline I like. The main move
is ...f6, but I didn't want to enter my opponent's theory.} (8... f6 9. exf6
Nxf6 10. Qe2 O-O 11. O-O-O a6 12. Ne5 $14 {This position is known to be quite
good for White. He usually continues with g4 and mounts a Kingside attack.}) 9.
Qe2 h6 {The idea of the moves ...a6 and ...h6 are to continue with ...g5 and ..
.b5. I don't know where White intends to castle, so I don't hurry with a move
like ...b5 yet. I first want to see where White intends to put his king.} 10.
h4 {[#] Preventing ...g5 - a typical move in these structures. If Black can
play ...g5, he can sometimes play ...g4 and remove a defender of the e5-pawn.}
Nd4 {A strong thematic move. The move ...Nd4 has the same effect as the move ..
.Nh4 in the advanced French. Black is happy to exchange the Nf3, the defender
of the e5-pawn.} 11. Nxd4 Bxd4 12. Kf1 Qc7 {Putting pressure on e5 and c3.} 13.
Re1 {[#]} Bxc3 $6 {A dubious decision, giving up the key dark squared bishop.
However, as mentioned earlier, I felt this was a must win game so I was eager
to create some imbalances. The conservative approach would have me continue 13.
..b5.} (13... b5 14. Rh3 Kf8 15. Kg1 Bb7 $13) 14. bxc3 Nc5 {I need to exchange
White's bishop, if not, I might be in big trouble. I plan here to develop my
pieces as fast as possible and long castle.} (14... Qxc3 $2 15. Qg4 Kf8 16. Rh3
$16 {For the pawn, White has tremendous kingside pressure.}) 15. Qg4 {[#]
Surprinsingly enough, White offered me a draw here. He told me after the game
he felt as if he was a little worse. I would consider this position
dynamically equal.} Nxd3 {The point of this move is to remove White's powerful
light squared bishop. Thing could get murky if White were able to swing his
rook to h3-g3 and have the light squared bishop help him mount a kingside
attack.} 16. cxd3 (16. Qxg7 Nxf4 17. Qxh8+ Kd7 18. Qxh6 Qc4+ 19. Kg1 Ne2+ 20.
Kh2 Kc7 $17) 16... g6 $5 {In hindsight, such a move might be a mistake and ...
Rg8 might be better. Playing ...g6 weakens my dark squares. However, by
playing ...g6 myself, I prevent White from playing h5 and fixing my g7
weakness.} (16... Qxc3 $2 17. Qxg7 Qxd3+ 18. Kg1 Qh7 19. Qf6 $16) (16... Rg8
17. Bxh6 Qxc3 $13 {double-edged - with bishops of opposite colour, the
position is unclear.}) 17. Bd2 Bd7 {My idea is to long castle as Black and
then try to control the c-file or break with ...g5.} 18. Qf4 Bb5 19. Rh3 O-O-O
20. Rc1 {[#]} Qe7 {A one-threat move in a way. I want to bring my queen to a3.
If my queen can get to a3, it might hinder White's queenside attack that
starts with a4.} (20... g5 $6 21. Qe3 g4 22. Rg3 h5 $14 {This was another
possible variation. However, Black's pwan structure becomes static.}) 21. c4
dxc4 22. a4 Bc6 (22... Bxa4 $2 23. Bb4 $1 Qxb4 (23... Qd7 24. Bd6 $16) 24.
Rxc4+ Qxc4 25. Qxc4+ Bc6 {as Black, I might be able to hold this, but it's
uncomfortable.}) 23. Rxc4 Kb8 (23... Qa3 $2 24. Qxf7 Rxd3 25. Qxe6+ Kb8 $16)
24. Bb4 Qd7 25. Bd6+ Ka8 {[#] A critical position to understand and quite a
complex one. White has a powerful bishop on d6 which is restricting Black's
pieces. However, Black has a nice bishop himself on c6. The a4- pawn will
always be a weakness for White, while the f7-pawn is a weakness for Black.
Black's queenside pawn majority is also something to look out for. Overall,
this is a dynamically equal position with chances for both sides. The perfect
position one wants when playing for a win with either side.} 26. Re3 {White is
trying to activate his rook and bring it to c1 or b1.} Rc8 {I was getting low
on time here. I had about 15 minutes while my opponent had 30 minutes. The
time control also included a 5 second delay. These American tournaments are
quite interesting considering they prefer a delay rather than an increment.} (
26... g5 $5 27. Qd4 (27. Qg4 f5) (27. Qg3 f5) 27... Bd5 28. Rc7 (28. Rc2 Rc8)
28... Qxc7 29. Bxc7 Bxg2+ 30. Kxg2 Rxd4) 27. Re1 g5 {And so I try to break!}
28. Qe3 (28. hxg5 hxg5 29. Qxg5 Rcg8 30. Qe7 Bxa4 $11 {This position is
probably equal.}) {[#]} 28... Bxa4 {After taking the a4-pawn, I knew there
would be a decisive result - no draws. Either Black would win with his passed
pawns, or White would be able to breakthrough and checkmate me with his rooks
and bishop. As Black, I was ready for a fight!} 29. hxg5 hxg5 30. Rxc8+ Qxc8 $6
{The start of a risky plan. I had ideas of swinging my Queen over and
checkmating the White king. I was vacationing in fantasy land. With White's
dark squared bishop, he has his own threats too! The conservative 30...Rxc8
would have been the better approach.} (30... Rxc8 31. Qxg5 Qb5 32. Qd2 Bc2 33.
Re3 $17 {Black has tremendous winning chances here thanks to his connected
passed pawns on the queenside.}) 31. Kg1 {[#]} Qg8 $2 {Terrible plan! Albeit
not losing, Black shouldn't be leaving his queenside bare.} 32. Qb6 $1 {
We each had around five minutes left with a 5 second delay. Kudos to my
opponent for finding the most critical moves.} Qh7 $2 (32... Qd8 $1 {The only
move that gives me a chance to keep on fighting.}) 33. f3 Qh2+ 34. Kf2 Qh4+ 35.
Ke2 {[#]} Qg3 $2 (35... g4 {only move that saves the day!} 36. Bc5 gxf3+ 37.
Kd2 (37. Kxf3 Bc6+ 38. Ke2 Kb8 39. Bd6+ Ka8 40. Bc5 $11) 37... Kb8 $1 38. Qa7+
Kc8 39. Bd6 Bc6 {If White isn't careful he might get into some trouble himself.
} 40. Rb1 (40. Qb8+ $2 Kd7 41. Qc7+ Ke8 42. Qc8+ Qd8 43. Qxd8+ Kxd8 44. gxf3
Bxf3 $17) 40... fxg2 41. Qb8+ Kd7 42. Rxb7+ Bxb7 43. Qxb7+ Kd8 44. Qb8+ Kd7 45.
Qb7+ $11) (35... Rc8 36. Bc5 Rxc5 37. Qxc5 g4 {I had this option to sacrifice
the exchange, and it was probably something I should have done. However, I
decided to gamble with 35...Qg3 hoping it would lead to something. I call this
Hope Chess -- not recommended at any age.}) 36. Bc5 $18 Qxe5+ (36... Kb8 37.
Qa7+ Kc8 38. Qa8+ Kc7 39. Bd6+ {is mating.}) 37. Kf2 Qb8 {[#] For a split
second I though I was in time to play ...Rc8 and ...Rc6, but...} 38. Ra1 $3 {
Only move and a crushing blow.} Bb5 (38... Rh4 {doesn't change anything:} 39.
d4 $18) (38... Bc6 39. Rxa6+ $18) 39. Qxb5 Qc8 40. Qb6 Kb8 41. Rxa6 Rd8 42.
Ra8+ {Kudos to Robin -- he played a nice game.   I learned a lot from this
game. With bishops of opposite colour, don't keep your king naked!  I ended up
finishing the tournament with 3.5/5 which was good enough for =7th and some
Benjamins. IM Irine for Indonesia lived up to expectations and captured clear
first with a fantastic 5/5.} 1-0

[Event "New York Challenge sim"]
[Site "New York"]
[Date "2016.09.22"]
[Round "3.3"]
[White "Carlsen, Magnus"]
[Black "Wiebe, Isaac"]
[Result "1-0"]
[WhiteElo "2857"]
[BlackElo "2017"]
[Annotator "John Upper"]
[PlyCount "117"]
[EventDate "2016.09.22"]
[EventType "simul (rapid)"]
[EventRounds "1"]
[EventCountry "USA"]
[SourceTitle "Chess Canada"]
[Source "CFC"]
[SourceDate "2017.10.01"]
[SourceVersion "1"]
[SourceVersionDate "2018.04.02"]
[SourceQuality "1"]

{[%mdl 32768]} 1. Nf3 e6 2. c4 f5 {Hard to believe, but there are no Carlsen
games from this position in the MegaBase!} 3. g3 Nf6 4. Bg2 Be7 $5 5. O-O O-O
6. b3 d6 7. d4 Ne4 8. Bb2 {[#]} a5 (8... Bf6 9. Nbd2 (9. Ne1 c5 10. Nd2 d5 {
White is a little ahead in development, so ought to welcome this break, but
it's not easy to keep control, and Black can equalize even against strong
opponents; for example:} 11. cxd5 exd5 12. Ndf3 Nc6 13. e3 b5 $5 {(0-1, 42)
Zhao,X (2567)-Reinderman,D (2593) Wijk aan Zee, 2014.}) 9... Nc6 10. Nxe4 (10.
Ne1 $1 d5 11. e3 $14 {followed by Nd3 and f3 when White has a very comfortable
set up vs Black's Stonewall.}) 10... fxe4 11. Ne1 d5 12. Nc2 Rf7 13. Qd2 $5 Bg5
14. Qc3 Bf6 15. Rad1 Bd7 16. Qd2 Bg5 17. Qe1 $5 {was White trying to be
provocative?} a5 18. f3 Nb4 $1 19. Nxb4 axb4 $11 {(1-0, 37) Shabalov,A (2538)
-Song,M (2316) Arlington, 2015.}) 9. Nfd2 Nxd2 10. Nxd2 Bf6 (10... f4 $5 11.
gxf4 Rxf4 12. e3 Rf8 13. f4 $14 {Salomon,J (2452)-Dahl,T (2201) Fagernes, 2016
(1-0, 55).}) 11. e4 {[#]} e5 $2 {Black is way behind in development, so
opening the center asks for trouble.} (11... Nc6 $142) 12. dxe5 dxe5 $2 13.
exf5 $1 Bxf5 (13... c6 14. g4 $18 {White has an extra pawn and the e4 square,
and is still ahead in development.}) 14. Bxb7 $18 Ra7 15. Be4 Bxe4 16. Nxe4 Nc6
{[#]} 17. Qd5+ $6 {Not the best, but transposing into a hugely advantageous
endgame is a sensible decision in a clock simul.} (17. Qg4 Nd4 18. Rad1 {
and f2-f4 would be a maximialist approach.}) 17... Qxd5 18. cxd5 Nb4 19. Ba3
Rd8 20. Bxb4 axb4 21. Rfd1 Ra5 22. Rac1 {[#]} Raxd5 23. Rxd5 Rxd5 24. Rxc7 Ra5
(24... Rd4 25. f3 Rd1+ 26. Kf2 Rh1 27. g4 $5 (27. Kg2 Rb1 $16) 27... Rxh2+ 28.
Kg3 Rh1 (28... Rxa2 29. g5 $18 {wins the B.}) 29. g5 Bd8 30. Rc8 Rd1 $16) 25.
Rb7 Rxa2 26. Rxb4 Kf7 27. Kg2 Ke6 28. h4 Rb2 {[#]Magnus went straight to this
position in the postmortem (see photo), but analyzed it as though it was
Black's move: "You need to take control over the light squares on the kingside.
Once I get in this [h4-h5], my king will come here [g4], my rook will... 
[check your king away], and my king will come in [g4-f5]. So you need to play .
..g6 and ...h5."} 29. h5 (29. Z0 {"Once you get this,} h5 {I think I still
have excellent winning chances, but it's much more difficult.... Once I get
control over the light sqaures it becomes very easy to play." - Magnus Carlsen}
) 29... Be7 30. Rb7 Rb1 31. Kf3 Rb2 32. Kg4 Re2 33. f3 Rb2 34. Rb6+ {Notice
that keeping the pawn on b3 restricts the activity of Black's R.} Kd5 35. Kf5
Rh2 36. Rb7 Ba3 37. Kg4 g6 {[#]} 38. Rd7+ $1 {Pushing the black K either away
from the e5-pawn or to where it will be exposed to a check which enables
White's R to gain a tempo to get back to the queenside.  Even in a simul
Magnus finds the most accurate finesse!} (38. Rxh7 gxh5+ 39. Rxh5 Rb2 {is
winning, but trickier} 40. Nc3+ Kc5 41. Rxe5+ Kd4 42. Ra5 $8 $18 Bb4 43. Nb5+
Kc5 44. Nc3+ $8 Bxa5 45. Na4+ $8 $18) 38... Ke6 39. Rxh7 gxh5+ 40. Rxh5 Rb2 41.
Rh6+ Kd5 (41... Ke7 42. Rb6 {saves the b-pawn with none of the fuss of the
variations above.}) 42. Nc3+ Kd4 43. Nb5+ Kd3 44. Nxa3 Rxb3 45. Ra6 e4 46. fxe4
Kxe4 {[#]This would be a draw, if it weren't for that stubborn g-pawn.} 47.
Ra4+ Ke5 48. Nc4+ Kf6 49. Ra6+ Kg7 50. Ne5 Rb5 51. Kf5 Rb1 52. Ra7+ Kh8 53. g4
Rb6 {[#]It's a trivial win, but Magnus plays it computer-perfect for the
minimum moves to mate.} 54. g5 Rb1 55. Kg6 Rb6+ 56. Kf7 Rb8 57. Ng6+ Kh7 58.
Kf6+ Kg8 59. Rg7# 1-0

[Event "Chigorin Memorial 06th"]
[Site "St Petersburg"]
[Date "1998.11.09"]
[Round "9"]
[White "Rogovoi, Mark"]
[Black "Sambuev, Bator"]
[Result "0-1"]
[WhiteElo "2225"]
[BlackElo "2340"]
[Annotator "John Upper"]
[PlyCount "104"]
[EventDate "1998.10.31"]
[EventType "swiss"]
[EventRounds "9"]
[EventCountry "RUS"]
[SourceTitle "Chess Canada"]
[Source "CFC"]
[SourceDate "2017.10.01"]
[SourceVersion "1"]
[SourceVersionDate "2018.04.02"]
[SourceQuality "1"]

{[%mdl 32768]} 1. e4 c5 2. Nf3 d6 3. d4 cxd4 4. Nxd4 Nf6 5. Nc3 g6 6. Be3 Bg7
7. f3 O-O 8. Qd2 Nc6 9. O-O-O d5 10. Qe1 e5 11. Nxc6 bxc6 12. exd5 cxd5 $2 13.
Bg5 Be6 14. Bc4 Rc8 {White has scored +4 =0 -1 from here, with Elo +220.} (
14... Qc7 {Is Leko-Carlsen, 2008, and Ganguly-Wang Edmonton, 2016.}) 15. Bxd5 {
[#]} Nxd5 $5 {Preposterous, right? Against a skilled opponent -- and White was
over 2200 -- this "has to" lose in a long game.... right? OTOH, this looks
like it would be FUN to play in a blitz game: Black gets active piece play, a
safe K, two Bs, compact pawns... and psychologically all the pressure is now
on White, who "knows" he's winning.} (15... Qb6 $16 {is the computer's top
pick, but Black saw no prospects -- for points or fun -- in that position.})
16. Bxd8 Nxc3 17. bxc3 Rfxd8 18. Rxd8+ Rxd8 19. Qe3 {[#] White has a Q and
pawn for two Bs. Stockfish 9 says +4 Komodo says +3.4 What could go wrong?} Rb8
20. Rd1 (20. Qxa7 $4 Bh6+ $19 {and ...Rb1 wins the R.}) 20... h5 21. Kd2 Rb2
22. Qxa7 Rxa2 23. Qb8+ Kh7 24. Rb1 Bh6+ 25. Kd1 Ra5 26. Ke1 Rc5 27. Qb4 (27.
Rb6 {aiming to kill the B-pair looks like a good idea.}) 27... Rc4 28. Qa5 {[#]
} e4 {Gets rid of the iso, leaving all Black's pawns safe and freeing both Bs.
The rest of this game plays like a bad dream for White: a long, slow,
nightmarish slide into a hopeless position.} 29. Ke2 $2 exf3+ 30. gxf3 (30.
Kxf3 $4 Rf4+ 31. Ke2 (31. Kg3 h4#) 31... Bc4+ $19 {and White gets mated on
loses the Q to a discovered check.}) 30... Bg7 31. Kd3 Rf4 {Stockfish says +1.
7 Komodo: +1.} 32. Qa8 Bf5+ 33. Kd2 Bh6 34. Ke2 Rh4 35. Rh1 Rc4 36. Qe8 Be6 {
[#]} 37. Rd1 (37. Kd3 Bg7 $14 38. Qxe6 $4 Rxc3+ $19) 37... Rxc3 {Stockfish: 0.
00} 38. Qa4 Rc4 {Komodo: 0.00} 39. Qb3 Rh4 40. Qb8 Bf4 41. Qf8 Rxh2+ $15 42.
Kd3 Rf2 $1 43. Kc3 Be5+ 44. Kd3 Bg7 45. Qa8 Bf5+ 46. Kc4 Rxc2+ {[#]} 47. Kd5 $2
Rc8 $17 48. Qa5 Bf6 49. Rh1 Rc3 50. f4 Rd3+ 51. Kc5 $2 Be4 $1 {wins the Q or
the R.} 52. Qa6 Rd5+ 0-1